000 00620nam a2200193Ia 4500
001 2970
003 GE_BSU
008 181216s||||||||xx |||||||||||||| ||und||
040 _cGE_BSU
080 _a66.012
245 _aОсновы автоматизации химических производств.
245 _cПод.ред. П.А.Обновленского и А.Л.Гуревича.
260 _aЛ.
260 _bХимия.
260 _c1975.
300 _a528 стр. 21 см. с илл.
653 _aОсновы автоматизации химических производств.
942 _cBK
999 _c37017
_d37017